| Поле | Инд. | ПП | Название | Значение |
|---|---|---|---|---|
| Тип записи | a | |||
| Библиографический уровень | m | |||
| 001 | Контрольный номер | 68980ddb-d95b-4861-8f7d-5ab72440fa40 | ||
| 005 | Дата корректировки | 20140226194413.6 | ||
| 008 | Кодируемые данные | 990129 d | ||
| 020 | c | Цена, тираж | 14.73 | |
| 080 | a | Индекс УДК | 796 | |
| a | Индекс УДК | 612.766.1:796 | ||
| 084 | a | Индекс другой классификации/Индекс ББК | Ч510 | |
| 090 | c | Каталожный индекс | Ч510 | |
| x | Авторский знак | Ф50 | ||
| a | Полочн. индекс | Ч510 | ||
| 245 | 0_ | a | Заглавие | Физиологические основы физической культуры и спорта |
| c | Ответственность | Н.В. Зимкин, А.В. Коробков, Я.Б. Лехтман и др.; Под ред. Н.В. Зимкина | ||
| 250 | a | Основные сведения об издании | 2.е изд., испр. и доп. | |
| 260 | 0_ | a | Место издания | Москва |
| b | Издательство | Физкультура и спорт | ||
| c | Дата издания | 1955 | ||
| 300 | a | Объем | 416 с. | |
| b | Иллюстрации/ тип воспроизводства | ил. | ||
| 500 | a | Примечание | Предм. указ.: с.405-410. | |
| 583 | a | Действие | Получение впервые 230 06.04.98 | |
| k | Исполнитель действия | ОРФ ОУНБ им.А.М.Горького | ||
| 650 | a | Основная рубрика | Физическая культура | |
| x | Основная подрубрика | Физиологические основы | ||
| 650 | a | Основная рубрика | Спорт | |
| 653 | a | Ключевые слова | Спорт | |
| a | Ключевые слова | Физическая культура | ||
| a | Ключевые слова | Физиологические основы спорта | ||
| 700 | 1_ | a | Другие авторы | Зимкин Н.В. |
| e | Роль лиц | авт., ред. | ||
| 700 | 1_ | a | Другие авторы | Коробков А.В. |
| 700 | 1_ | a | Другие авторы | Лехтман Я.Б. |
| 700 | 1_ | a | Другие авторы | Эголинский Я.А. |
| 700 | 1_ | a | Другие авторы | Яроцкий А.И. |
| 852 | t | Порядковый номер экземпляра | 2 | |
| p | Инвентарный номер | 695012 | ||
| p | Инвентарный номер | 695013 | ||
| 888 | a | Безвозмездно | ||
| 952 | p | 230.98 14.73 1 695012 | ||
| p | 230.98 14.73 1 695013 | |||
| c | Вид литературы | К ру | ||
| 954 | a | Дата поступления на обработку | 07.04.98 | |
| 999 | a | Подразделение 2 | Фил2 |